Welcome to the Holygrace Academy Library

Please use search bar below to get started

A TEXT BOOK OF BASIC AND MOLECULAR GENETICS (Record no. 1362)

MARC details
000 -LEADER
fixed length control field 00359nam a22001457a 4500
020 ## - INTERNATIONAL STANDARD BOOK NUMBER
ISBN 81-88826-19-7
082 ## - DEWEY DECIMAL CLASSIFICATION NUMBER
Classification number 576
Item number PAR/G
100 ## - MAIN ENTRY--AUTHOR NAME
Personal name PARIHAR PRADEEP
245 ## - TITLE STATEMENT
Title A TEXT BOOK OF BASIC AND MOLECULAR GENETICS
250 ## - EDITION STATEMENT
Edition statement FIRST EDITION
260 ## - PUBLICATION, DISTRIBUTION, ETC. (IMPRINT)
Place of publication JODHPUR
Name of publisher STUDENT EDITION
Year of publication 2004
300 ## - PHYSICAL DESCRIPTION
Number of Pages 468
650 ## - SUBJECT ADDED ENTRY--TOPICAL TERM
Topical Term BIOLOGY REFERENCE
Geographic subdivision INDIA
942 ## - ADDED ENTRY ELEMENTS (KOHA)
Koha item type Books
Holdings
Withdrawn status Lost status Collection code Home library Current library Shelving location Date acquired Source of acquisition Cost, normal purchase price Full call number Accession Number Koha item type
    Reference Main Library Main Library SHELF-5 D REFERENCEBIOLOGY 24/10/2006 purchase 200.00 576 PAR/G 04151 Books